Riconosci l'Anno dagli eventi - Quiz n°501 - Statistics

Statistiche generali
  • Questo quiz è stato fatto 6 volte
  • Il punteggio medio è 6 su 8
Statistiche sulle risposte
Indizio Risposta % Corretto
A Gli schiavisti e i missionari si riappropriano dell'Angola, ma la parte settentrionale del paese e San Salvador sono praticamente deserte, spopolate a causa del commercio degli schiavi.
100%
C 1º gennaio: la Russia adotta la numerazione occidentale del calendario giuliano.
80%
G 1º novembre: con la morte di Carlo II d'Asburgo si estingue la dinastia degli Asburgo-Spagna.
80%
F 23 novembre: Papa Clemente XI (Gian Francesco Albani) è eletto al soglio Pontificio e consacrato il 18 dicembre.
80%
D 26 gennaio: Un terremoto di magnitudo momento 8,7-9,2 colpisce la regione della Cascadia nell'America settentrionale e provoca un maremoto che colpisce la costa pacifica dell'America settentrionale e le coste del Giappone.
80%
E 30 aprile: inizia la grande guerra del Nord, che vede la Russia, la Polonia e la Danimarca scontrarsi con la Svezia (la quale possedeva una consolidata egemonia sul Mar Baltico, oggetto del contendere). Il conflitto terminerà nel 1721 con la sconfitta della Svezia e la spartizione tra i vincitori degli sbocchi sul Baltico.
80%
B Viene inventato il motto francese.
80%
Anno 1700
20%
Nessun quiz corrispondente trovato
Distribuzione punteggi
Percentuale di utenti per punteggio
Percentile per numero di risposta
I tuoi punteggi nel tempo
Non hai fatto questo quiz